| 000 | 00964nam a2200253Ia 4500 | ||
|---|---|---|---|
| 003 | GCL | ||
| 005 | 20240530102146.0 | ||
| 008 | 140319s9999 xx 000 0 ara d | ||
| 040 |
_aGCL / _cGCL |
||
| 082 | 0 | 4 |
_a193 _bت ح |
| 100 | 1 | _aتيليش، بول | |
| 245 | 1 | 0 |
_aالحب والقوة والعدالة / _cتيليش، بول ؛ ترجمة كامل يوسف حسين ؛ تقديم مجاهد عبدالمنعم مجاهد |
| 260 |
_aالقاهرة : _bدار الثقافة للطباعة والنشر ، _c1981 |
||
| 300 |
_a141 ص؛ _c24 سم |
||
| 490 |
_aسلسلة النصوص الفلسفية _v12 |
||
| 650 | 0 | 4 | _aالفلسفة |
| 650 | 0 | 4 | _aالفلسفة الحديثة |
| 650 | 0 | 4 | _aالفلسفة الغربية |
| 650 | 0 | 4 | _aالفلسفة الالمانية |
| 650 | 0 | 4 | _aبول تيليش |
| 700 | 1 |
_aكامل يوسف حسين _eمترجم |
|
| 700 | 1 |
_aمجاهد عبدالمنعم مجاهد _eتقديم |
|
| 942 |
_2ddc _cBK |
||
| 999 |
_c30217 _d30217 |
||